[Event "Muscat-ch op"]
[Site "Muscat"]
[Date "2024.12.28"]
[Round "5"]
[White "Albin, Sajan"]
[Black "Wafa, Shrook"]
[Result "0-1"]
[WhiteElo "1804"]
[BlackElo "2110"]
[PlyCount "184"]
[EventDate "2024.12.26"]
[EventType "swiss"]
[EventRounds "9"]
[EventCountry "OMN"]
[SourceTitle "CB01_2025"]
[SourceDate "2025.01.01"]
[SourceVersion "1"]
[SourceVersionDate "2025.01.01"]
[SourceQuality "1"]

1. d4 d5 2. c4 e6 3. Nc3 Nf6 4. cxd5 exd5 5. Bg5 Be7 6. e3 0-0 7. Bd3 c6 8. Qc2 Nbd7 9. Nge2 Re8 10. 0-0 h6 11. Bh4 Ne4 12. Bxe7 Qxe7 13. Bxe4 dxe4 14. d5 Nf6 15. Rfd1 Qe5 16. dxc6 bxc6 17. Qa4 c5 18. Rd2 Bg4 19. h3 Bxe2 20. Nxe2 Rab8 21. Qc2 Rec8 22. Rad1 Qe6 23. Nc3 Re8 24. Nd5 Rec8 25. b3 Nxd5 26. Rxd5 Qa6 27. Rd6 Qa5 28. Rd7 Rf8 29. R1d2 Rb4 30. R7d5 Rc8 31. Qc3 Qb6 32. Rd6 Qb8 33. R6d5 c4 34. Rc2 Kh7 35. Qd2 Rb6 36. bxc4 Rb1+ 37. Rc1 Rxc4 38. Rxb1 Qxb1+ 39. Kh2 Rc2 40. Qd1 Qxa2 41. Qd4 Rc4 42. Qd2 Qxd2 43. Rxd2 a5 44. Rd7 Kg6 45. Rd6+ f6 46. Ra6 Rc5 47. Ra7 h5 48. Kg3 Rg5+ 49. Kh2 h4 50. Re7 Re5 51. Ra7 Rb5 52. Kg1 f5 53. Kf1 Kf6 54. Ke2 g6 55. Ra6+ Kg5 56. Kf1 Rb1+ 57. Ke2 Rg1 58. Rxa5 Rxg2 59. Kf1 Rh2 60. Ra8 Rxh3 61. Kg1 Kg4 62. Kg2 Rf3 63. Rh8 h3+ 64. Kg1 g5 65. Rh7 f4 66. exf4 Rxf4 67. Rh8 Rf3 68. Rh7 e3 69. fxe3 Rxe3 70. Rf7 Kg3 71. Rf1 g4 72. Ra1 Kf4 73. Rf1+ Rf3 74. Ra1 g3 75. Ra4+ Kg5 76. Ra8 Rb3 77. Rg8+ Kf6 78. Rf8+ Ke5 79. Re8+ Kd4 80. Rd8+ Kc3 81. Rc8+ Kd2 82. Rd8+ Ke2 83. Re8+ Re3 84. Ra8 g2 85. Rg8 Rd3 86. Kh2 Rd1 87. Re8+ Kf3 88. Rf8+ Ke4 89. Re8+ Kf5 90. Rf8+ Ke6 91. Rg8 Rh1+ 92. Kg3 g1Q+ 0-1

[Event "Qatar Masters op-B"]
[Site "Doha"]
[Date "2024.12.10"]
[Round "7"]
[White "Albin, Sajan"]
[Black "Abel, Sajan"]
[Result "1/2-1/2"]
[WhiteElo "1804"]
[BlackElo "2053"]
[PlyCount "60"]
[EventDate "2024.12.03"]
[EventType "swiss"]
[EventRounds "9"]
[EventCountry "QAT"]
[SourceTitle "CB51_2024"]
[SourceDate "2024.12.18"]
[SourceVersion "1"]
[SourceVersionDate "2024.12.18"]
[SourceQuality "1"]

1. Nf3 Nf6 2. b3 g6 3. Bb2 Bg7 4. g3 b6 5. Bg2 Bb7 6. 0-0 0-0 7. c4 c5 8. d4 cxd4 9. Qxd4 d6 10. Rd1 Na6 11. Qh4 h6 12. Na3 Nc5 13. Rac1 Rb8 14. Bxf6 Bxf6 15. Qxh6 Bxf3 16. Bxf3 Bb2 17. Nb5 Bxc1 18. Rxc1 Qd7 19. Nd4 Rfc8 20. h4 e5 21. h5 Qh3 22. Qg5 Ne6 23. Nxe6 Qxe6 24. Bd5 Qf5 25. Qxg6+ Qxg6 26. hxg6 b5 27. gxf7+ Kg7 28. e4 bxc4 29. Rxc4 Rxc4 30. Bxc4 Kf6 1/2-1/2